|
|
|
|
| LEADER |
00000nab#a22000007a#4500 |
| 001 |
arbauad007710 |
| 003 |
AR-BaUAD |
| 005 |
20250711110845.0 |
| 008 |
941214|||||||||###||||||b###|0###a|spa|| |
| 040 |
|
|
|a AR-BaUAD
|c AR-BaUAD
|b spa
|
| 245 |
1 |
0 |
|a Papel Prensa Factory, San Pedro, Province of Buenos Aires, Argentina; design: 1973
|
| 300 |
0 |
|
|b axonom., cortes, fot., vistas
|
| 653 |
|
|
|a MANTEOLA-SANCHEZ GOMEZ-SANTOS-SOLSONA-VIÑOLY
|
| 653 |
|
|
|a MANTEOLA, FLORA
|
| 653 |
|
|
|a SANCHEZ GOMEZ, JAVIER
|
| 653 |
|
|
|a SANTOS, JOSEFINA
|
| 653 |
|
|
|a SOLSONA, JUSTO
|
| 653 |
|
|
|a VIÑOLY, RAFAEL
|
| 653 |
|
|
|a ARQUITECTURA INDUSTRIAL
|
| 653 |
|
|
|a FABRICA DE PAPEL PRENSA
|
| 653 |
|
|
|a SAN PEDRO
|
| 653 |
|
|
|a BUENOS AIRES, PROVINCIA
|
| 773 |
0 |
|
|t GA DOCUMENT
|g no. 10 [1984], p. 86-87
|
| 942 |
|
|
|c ARTI
|
| 952 |
|
|
|0 0
|1 0
|4 0
|7 0
|9 52630
|a AR-BAuAD
|b AR-BAuAD
|d 2025-07-11
|l 0
|p AAQA007710
|r 2025-07-11 11:08:45
|w 2025-07-11
|y ARTI
|
| 990 |
|
|
|a AQ198
|b TD
|
| 998 |
|
|
|a AAQ
|b BIBUN76
|
| 999 |
|
|
|c 32303
|d 32303
|